[Event "XVI Open"]
[Site "Crema ITA"]
[Date "2015.09.04"]
[Round "2"]
[White "Righini, Giovanni"]
[Black "Ventura, Salvatore"]
[WhiteElo "1891"]
[BlackElo "2083"]
[Result "0-1"]
[PlyCount "118"]
[EventDate "2015.09.04"]

1. e4 c5 2. c3 g6 3. Nf3 Bg7 4. d4 cxd4 5. Nxd4 Nc6 6. Be3 Nf6 7. Nd2 O-O 8.
Be2 d5 9. Nxc6 bxc6 10. Qa4 Qc7 11. O-O-O c5 12. exd5 Nxd5 13. Bf3 Nxe3 14.
Bxa8 Nxd1 15. Qxd1 Qa5 16. Bd5 Rd8 17. Qf3 e6 18. Bb3 Bh6 19. Rd1 Ba6 20. Qg4
Qc7 21. g3 c4 22. Bc2 Qa5 23. f4 Qxa2 24. Qh4 Rb8 25. Ne4 Bf8 26. Rd8 Qxb2+ 27.
Kd2 Rxd8+ 28. Qxd8 Qa3 29. Nf6+ Kh8 30. Nd7 Qd6+ 31. Ke1 Bb5 32. Qxf8+ Qxf8 33.
Nxf8 Kg8 34. Nxe6 fxe6 35. Kd2 Kf7 36. Ke3 Ke7 37. Kd4 Kd6 38. h4 a5 39. h5
gxh5 40. Bxh7 a4 41. Bb1 a3 42. Ba2 Ba6 43. Bb1 Bb7 44. Ba2 Bd5 45. Bb1 Kc6 46.
Ba2 Kb5 47. f5 Kc6 48. fxe6 Bxe6 49. Ke5 Bg8 50. Kd4 Kd6 51. Bb1 Bh7 52. Ba2
Bd3 53. Ke3 Ke5 54. Kf3 Kd5 55. Kf4 Bc2 56. Kg5 Bb3 57. Bb1 a2 58. Bxa2 Bxa2
59. Kxh5 Ke4 0-1

[Event "XVI Open"]
[Site "Crema ITA"]
[Date "2015.09.04"]
[Round "2"]
[White "Tahiraj, Almir"]
[Black "Palma, Maria"]
[WhiteElo "1855"]
[BlackElo "1987"]
[Result "1/2-1/2"]
[PlyCount "94"]
[EventDate "2015.09.04"]

1. Nf3 Nf6 2. d4 c5 3. c3 e6 4. Bf4 Nc6 5. e3 d5 6. Bd3 Bd6 7. Bg3 O-O 8. Nbd2
Re8 9. O-O e5 10. dxe5 Nxe5 11. Nxe5 Bxe5 12. Nf3 Bxg3 13. hxg3 Bg4 14. Qc2 c4
15. Bf5 Bxf5 16. Qxf5 g6 17. Qg5 Ne4 18. Qxd8 Raxd8 19. Rfd1 Rd6 20. Nd2 Red8
21. Nxe4 dxe4 22. Rd4 Rxd4 23. cxd4 b5 24. Kf1 f5 25. Ke2 Kf7 26. Kd2 Ke6 27.
Kc3 Kd5 28. a4 a6 29. axb5 axb5 30. Ra7 Rb8 31. Kb4 Kc6 32. Rxh7 Ra8 33. Rg7
Ra2 34. Rxg6+ Kd5 35. Kc3 b4+ 36. Kxb4 Rxb2+ 37. Kc3 Rxf2 38. Rf6 Re2 39. Rxf5+
Kd6 40. Kxc4 Rxe3 41. g4 Rg3 42. g5 Rxg2 43. d5 e3 44. Kd3 e2 45. Kd2 Kc5 46.
Ke1 Kd6 47. Kd2 Kc5 1/2-1/2

[Event "XVI Open"]
[Site "Crema ITA"]
[Date "2015.09.04"]
[Round "2"]
[White "Takahashi, Saera"]
[Black "Casartelli, Fabio"]
[WhiteElo "1545"]
[BlackElo "1816"]
[Result "0-1"]
[PlyCount "92"]
[EventDate "2015.09.04"]

1. Nf3 Nf6 2. g3 d5 3. Bg2 e6 4. c3 c5 5. d3 Nc6 6. O-O Be7 7. Bf4 O-O 8. h3 a6
9. Nbd2 Nh5 10. e3 g5 11. Ne5 Ng7 12. Nxc6 bxc6 13. Bxg5 Bxg5 14. f4 Be7 15. c4
Rb8 16. b3 Bf6 17. Rb1 e5 18. fxe5 Bxe5 19. g4 Be6 20. Qe2 f5 21. Nf3 Bd6 22.
g5 Qd7 23. d4 Qc7 24. dxc5 Bxc5 25. Nd4 Bxd4 26. exd4 Rbe8 27. c5 Qg3 28. Rf3
Qxg5 29. Qxa6 Bd7 30. Qf1 Re4 31. Qf2 f4 32. Kh2 Qf6 33. Rd1 Rfe8 34. Rd2 Qg5
35. a3 Nf5 36. Rfd3 Re3 37. b4 Bc8 38. Rd1 Ba6 39. Rxe3 Rxe3 40. Kh1 Qg3 41.
Bxd5+ Kf8 42. Qxg3 Nxg3+ 43. Kh2 cxd5 44. c6 Re2+ 45. Kg1 f3 46. Rc1 f2+ 0-1

[Event "XVI Open"]
[Site "Crema ITA"]
[Date "2015.09.04"]
[Round "2"]
[White "Ventura, Franco"]
[Black "Swannie, Douglas"]
[WhiteElo "2088"]
[BlackElo "1872"]
[Result "1-0"]
[PlyCount "77"]
[EventDate "2015.09.04"]

1. d4 b6 2. e4 Bb7 3. Bd3 Nf6 4. Qe2 Nc6 5. c3 e5 6. d5 Ne7 7. Nf3 Ng6 8. h3
Bc5 9. Be3 Bxe3 10. fxe3 c6 11. c4 d6 12. dxc6 Bxc6 13. Nc3 a5 14. O-O O-O 15.
Rad1 Qe7 16. Nh2 Rab8 17. Rf2 Nd7 18. Bc2 Nc5 19. Qh5 Rbd8 20. Rfd2 Nb7 21. Nf3
f6 22. Nh4 Nxh4 23. Qxh4 g6 24. Rf2 Qg7 25. Qg3 Rd7 26. Rdf1 Rdf7 27. Ba4 Bxa4
28. Nxa4 Nc5 29. Nc3 f5 30. exf5 Rxf5 31. Rxf5 Rxf5 32. Rd1 Qf8 33. b3 Kg7 34.
Qh4 Rh5 35. Qg4 Rf5 36. Qe2 h5 37. Qd2 Rf6 38. Qd5 Rf2 39. Qxd6 1-0

[Event "XVI Open"]
[Site "Crema ITA"]
[Date "2015.09.04"]
[Round "2"]
[White "Volpati, Antonio"]
[Black "Finelli, Carmine"]
[WhiteElo "1644"]
[BlackElo "1385"]
[Result "1-0"]
[PlyCount "119"]
[EventDate "2015.09.04"]

1. e4 c5 2. Nf3 Nf6 3. d3 d6 4. g3 Bg4 5. Bg2 e5 6. O-O Be7 7. Nbd2 Nc6 8. c3
O-O 9. Re1 Re8 10. Nf1 h6 11. Ne3 Bh5 12. Qc2 b5 13. Nh4 a5 14. Nd5 b4 15. f4
Nxd5 16. exd5 Nb8 17. fxe5 Bxh4 18. gxh4 Qxh4 19. Re4 Qd8 20. Bf4 Bg6 21. Re3
c4 22. Qd2 Bxd3 23. e6 Re7 24. Rae1 Kh7 25. Be4+ Bxe4 26. Rxe4 Na6 27. Rxc4
fxe6 28. dxe6 d5 29. Rd4 Qb6 30. Qd3+ Kh8 31. Qe3 Rae8 32. Rxd5 Qxe3+ 33. Rxe3
Rxe6 34. Kf2 Rxe3 35. Bxe3 bxc3 36. bxc3 Rf8+ 37. Kg2 Re8 38. Kf3 Rf8+ 39. Ke2
Rb8 40. Rxa5 Rb2+ 41. Kd3 Nc7 42. Bf4 Ne6 43. Be5 Rg2 44. Ra7 Nc5+ 45. Kd4 Ne6+
46. Kd5 Nf8 47. c4 Rd2+ 48. Kc6 Ne6 49. c5 Nd8+ 50. Kc7 Ne6+ 51. Kb6 Re2 52.
Bd6 Rb2+ 53. Kc6 Nd4+ 54. Kd7 Rc2 55. a4 Rd2 56. a5 Nb5 57. Ra8+ Kh7 58. a6 Kg6
59. Rb8 Rb2 60. a7 1-0

[Event "XVI Open"]
[Site "Crema ITA"]
[Date "2015.09.04"]
[Round "2"]
[White "Vuelban, Virgilio"]
[Black "Castrogiovanni, Carlo"]
[WhiteElo "2327"]
[BlackElo "1956"]
[Result "1-0"]
[PlyCount "105"]
[EventDate "2015.09.04"]

1. e4 c5 2. Nf3 a6 3. c4 Nc6 4. Nc3 e5 5. d3 d6 6. g3 g6 7. Bg2 Bg7 8. O-O Nge7
9. Ne1 O-O 10. Nc2 Be6 11. a3 Rb8 12. b4 cxb4 13. axb4 Qd7 14. b5 axb5 15. Nxb5
Nc8 16. Ba3 Rd8 17. Qe2 Bg4 18. f3 Bh3 19. Rab1 Bxg2 20. Kxg2 Ra8 21. Rb3 Na5
22. Rb2 b6 23. Nc3 Nb7 24. Nd5 Ra6 25. Rfb1 Nc5 26. Nxb6 Nxb6 27. Rxb6 Rxb6 28.
Rxb6 Qa7 29. Rb1 Ne6 30. Qd2 Qa4 31. Qc3 Bf8 32. Qb3 Qa7 33. Rb2 Nd4 34. Nxd4
Qxd4 35. Qc2 Ra8 36. Rb3 Bh6 37. Qb2 Qxb2+ 38. Bxb2 Ra2 39. f4 f6 40. Kf3 Bf8
41. Rb7 Ra6 42. h4 h5 43. g4 Bg7 44. f5 hxg4+ 45. Kxg4 Kh7 46. fxg6+ Kxg6 47.
h5+ Kh7 48. Bc1 Ra1 49. Be3 Re1 50. Kf3 Kg8 51. h6 Bh8 52. h7+ Kf8 53. Bh6+ 1-0

[Event "XVI Open"]
[Site "Crema ITA"]
[Date "2015.09.05"]
[Round "3"]
[White "Bevilacqua, Maurizio"]
[Black "Vuelban, Virgilio"]
[WhiteElo "2074"]
[BlackElo "2327"]
[Result "0-1"]
[PlyCount "62"]
[EventDate "2015.09.04"]

1. d4 Nf6 2. c4 g6 3. Nc3 d5 4. Bg5 Ne4 5. Bh4 Nxc3 6. bxc3 Bg7 7. e3 c5 8. Nf3
Nc6 9. cxd5 Qxd5 10. Qa4 Bd7 11. Bc4 Na5 12. Bxd5 Bxa4 13. Rb1 Bc6 14. Bxc6+
bxc6 15. O-O cxd4 16. cxd4 Kd7 17. Bg3 a6 18. Rfc1 Ra7 19. Ng5 f5 20. d5 Bf6
21. dxc6+ Nxc6 22. Rd1+ Ke8 23. h4 h6 24. Ne6 Kf7 25. Nc5 Rc8 26. Rb6 a5 27.
Nb7 Raa8 28. Rc1 Ne5 29. Rxc8 Rxc8 30. Nxa5 Rc1+ 31. Kh2 Ng4+ 0-1

[Event "XVI Open"]
[Site "Crema ITA"]
[Date "2015.09.05"]
[Round "3"]
[White "Biava, Pierluigi"]
[Black "Cassi, Elisa"]
[WhiteElo "1572"]
[BlackElo "1495"]
[Result "1-0"]
[PlyCount "91"]
[EventDate "2015.09.04"]

1. g4 e5 2. Bg2 d5 3. c4 d4 4. Qb3 c6 5. d3 Bc5 6. Nf3 Qd6 7. Nbd2 Bb6 8. Ne4
Qe7 9. g5 Bf5 10. Nh4 Qe6 11. Nxf5 Ba5+ 12. Bd2 Bxd2+ 13. Kxd2 Qd7 14. Nfd6+
Kf8 15. Qxb7 Qxb7 16. Nxb7 Nd7 17. Ned6 Ne7 18. c5 f5 19. Bh3 g6 20. e4 Rb8 21.
b3 h6 22. gxh6 Rxh6 23. Bg2 Kg7 24. Rag1 Kf6 25. Ke2 Rg8 26. a4 g5 27. exf5
Nxf5 28. Bxc6 Nb8 29. Be4 Nxd6 30. Nxd6 Ke6 31. b4 g4 32. Bf5+ Kd5 33. Bxg4
Rhg6 34. Bf3+ Ke6 35. Rxg6+ Rxg6 36. Be4 Rg8 37. h4 Na6 38. h5 Nxb4 39. h6 Nd5
40. Bxd5+ Kxd5 41. Ne4 Ke6 42. h7 Rh8 43. Rh6+ Kf7 44. Ra6 Ra8 45. Rxa7+ Rxa7
46. h8=Q 1-0

[Event "XVI Open"]
[Site "Crema ITA"]
[Date "2015.09.05"]
[Round "3"]
[White "Bontempi, Piero"]
[Black "Goldoni, Claudio"]
[WhiteElo "2364"]
[BlackElo "2071"]
[Result "1-0"]
[PlyCount "51"]
[EventDate "2015.09.04"]

1. e4 e5 2. Bc4 Nc6 3. Nf3 Bc5 4. c3 Nf6 5. d3 d6 6. Bg5 O-O 7. b4 Bb6 8. a4 a6
9. Nbd2 h6 10. Bh4 Be6 11. O-O g5 12. Bg3 Bg4 13. h3 Bd7 14. Bh2 Kg7 15. Re1 g4
16. hxg4 Nxg4 17. Bg3 f5 18. exf5 Bxf5 19. Bh4 Qd7 20. d4 d5 21. b5 Nd8 22.
Nxe5 Nxe5 23. Rxe5 Be6 24. Bxd5 c6 25. Bxe6 Nxe6 26. Qg4+ 1-0

[Event "XVI Open"]
[Site "Crema ITA"]
[Date "2015.09.05"]
[Round "3"]
[White "Castrogiovanni, Carlo"]
[Black "Milanesi, Erminio"]
[WhiteElo "1956"]
[BlackElo "1791"]
[Result "1-0"]
[PlyCount "58"]
[EventDate "2015.09.04"]

1. d4 g6 2. e4 Nh6 3. Nc3 f6 4. Bc4 e6 5. Be3 Nf7 6. h4 d6 7. Qe2 c6 8. h5 g5
9. h6 Bxh6 10. O-O-O Bg7 11. f4 h6 12. e5 d5 13. exf6 Bxf6 14. Bd3 Kd7 15. Bg6
Nd6 16. Nh3 Nf5 17. Bf2 Kc7 18. g4 Nd6 19. fxg5 Bxg5+ 20. Nxg5 Qxg5+ 21. Be3
Qxg6 22. Bf4 Rh7 23. Qe5 Rd7 24. Rxh6 Qg7 25. Qxe6 Qf8 26. Rf6 Qd8 27. Rh1 b5
28. Rhh6 Kb7 29. Bxd6 Rg7 1-0

[Event "XVI Open"]
[Site "Crema ITA"]
[Date "2015.09.05"]
[Round "3"]
[White "Colonetti, Fabio"]
[Black "Giuriato, Sergio"]
[WhiteElo "1712"]
[BlackElo "1918"]
[Result "1/2-1/2"]
[PlyCount "69"]
[EventDate "2015.09.04"]

1. e4 Nc6 2. Nf3 e5 3. Bc4 Nf6 4. Nc3 Bc5 5. d3 d6 6. Bg5 h6 7. Bxf6 Qxf6 8.
Nd5 Qd8 9. c3 a6 10. d4 exd4 11. cxd4 Ba7 12. h3 O-O 13. O-O Be6 14. Qd2 Qd7
15. Rad1 Rae8 16. Rfe1 Ne7 17. Nxe7+ Qxe7 18. Bxe6 fxe6 19. Qd3 Rf4 20. e5 d5
21. Re2 Ref8 22. a3 c5 23. dxc5 Bxc5 24. b4 Bb6 25. Rdd2 R8f5 26. Rc2 Rxf3 27.
gxf3 Qg5+ 28. Kf1 Qh4 29. Ke1 Rg5 30. Kd2 Qf4+ 31. Kc3 Bc7 32. Kb3 Bxe5 33. Qe3
Kf7 34. Qxf4+ Bxf4 35. Re1 1/2-1/2

[Event "XVI Open"]
[Site "Crema ITA"]
[Date "2015.09.05"]
[Round "3"]
[White "Finelli, Carmine"]
[Black "Marchesotti, Giovanni"]
[WhiteElo "1385"]
[BlackElo "1517"]
[Result "1-0"]
[PlyCount "75"]
[EventDate "2015.09.04"]

1. e4 d6 2. d4 g6 3. Bc4 Nf6 4. Nd2 Nc6 5. c3 Bg7 6. Ngf3 O-O 7. h3 Na5 8. Bd3
c5 9. d5 b6 10. O-O Qc7 11. Re1 Nd7 12. Rb1 c4 13. Bc2 Nb7 14. Ba4 a6 15. Bc6
b5 16. Nf1 Ndc5 17. Nd4 Nd3 18. Re2 Nxc1 19. Rxc1 Rb8 20. Bxb7 Qxb7 21. Nh2 Qb6
22. Nhf3 Bb7 23. Rb1 Rbc8 24. b3 Bxd4 25. Nxd4 cxb3 26. Rxb3 Rc4 27. Re3 Rfc8
28. Kh2 Qc7 29. Qg4 b4 30. Rxb4 Rxb4 31. cxb4 Qc4 32. Qd7 Rc7 33. Qe8+ Kg7 34.
Nc6 Rc8 35. Qd7 Rxc6 36. dxc6 Bxc6 37. Qxe7 d5 38. Qc5 1-0

[Event "XVI Open"]
[Site "Crema ITA"]
[Date "2015.09.05"]
[Round "3"]
[White "Formento, Paolo"]
[Black "Giordano, Massimiliano"]
[WhiteElo "2212"]
[BlackElo "1977"]
[Result "1-0"]
[PlyCount "109"]
[EventDate "2015.09.04"]

1. d4 c6 2. c4 d5 3. Nf3 Nf6 4. Nbd2 e6 5. e3 Nbd7 6. Bd3 dxc4 7. Nxc4 Bb4+ 8.
Bd2 Bxd2+ 9. Qxd2 Nb6 10. Na5 O-O 11. O-O Qe7 12. b4 Rb8 13. Ne5 Bd7 14. f4 g6
15. a3 Rfd8 16. g4 Be8 17. g5 Nh5 18. Rac1 Rbc8 19. Qf2 Ng7 20. Ng4 Nh5 21. Qh4
Nd5 22. Rf3 f5 23. gxf6 Nhxf6 24. Nxf6+ Nxf6 25. Nxb7 Qxb7 26. Qxf6 c5 27. Rff1
cxd4 28. Bc4 Bf7 29. Bxe6 Bxe6 30. Qxe6+ Qf7 31. Qxf7+ Kxf7 32. exd4 a5 33. Rc5
axb4 34. axb4 Rb8 35. Rc4 Rb5 36. Kf2 Rdb8 37. Rb1 Rh5 38. Kg3 Rd5 39. Kf3 Rh5
40. Rb2 Ke6 41. Rc6+ Kd7 42. Rc5 Rh3+ 43. Ke4 Rh4 44. Rd5+ Ke7 45. b5 h6 46.
Ra2 g5 47. Ra7+ Ke8 48. Re5+ Kd8 49. Rf7 Rb6 50. Rf8+ Kd7 51. Rf7+ Kd8 52. Rff5
gxf4 53. Rh5 Rxh5 54. Rxh5 Rd6 55. Rf5 1-0

[Event "XVI Open"]
[Site "Crema ITA"]
[Date "2015.09.05"]
[Round "3"]
[White "Giretti Kanev, Jasen"]
[Black "Acunzo, Domenico"]
[WhiteElo "2211"]
[BlackElo "1696"]
[Result "1-0"]
[PlyCount "91"]
[EventDate "2015.09.04"]

1. Nf3 d5 2. c4 d4 3. b4 g6 4. Bb2 Bg7 5. Qa4+ c6 6. e3 e5 7. c5 Nh6 8. Na3 O-O
9. Nc4 f6 10. Nd6 Nf5 11. Bc4+ Kh8 12. Nf7+ Rxf7 13. Bxf7 Na6 14. h4 dxe3 15.
dxe3 Qe7 16. Bc4 Nc7 17. h5 g5 18. Rd1 Be6 19. Qb3 Bxc4 20. Qxc4 Nh6 21. e4 Nf7
22. Nh2 h6 23. Ng4 Ne6 24. Ne3 Qe8 25. Nf5 Bf8 26. g3 Ng7 27. Ne3 Ne6 28. Ke2
a5 29. a3 axb4 30. axb4 Nc7 31. Rd2 Nb5 32. f4 Bg7 33. Ng4 Qc8 34. Nxf6 Bxf6
35. Qxf7 Qg4+ 36. Kf2 Bg7 37. Rd7 Rg8 38. Bxe5 Qxd7 39. Qxd7 Bxe5 40. fxe5 Rf8+
41. Ke3 Na3 42. e6 Nc2+ 43. Kd3 Nxb4+ 44. Kc4 Nc2 45. e7 Ne3+ 46. Kd3 1-0

[Event "XVI Open"]
[Site "Crema ITA"]
[Date "2015.09.05"]
[Round "3"]
[White "Gnata, Ilaria"]
[Black "Mansueti, Marco"]
[WhiteElo "1294"]
[BlackElo "1862"]
[Result "1/2-1/2"]
[PlyCount "126"]
[EventDate "2015.09.04"]

1. e4 e5 2. Nf3 Nc6 3. Nc3 Nf6 4. d4 exd4 5. Nxd4 Bb4 6. Nxc6 bxc6 7. Bd3 O-O
8. O-O d5 9. exd5 cxd5 10. Bg5 Bxc3 11. bxc3 Qd6 12. Qf3 Bg4 13. Qg3 Qxg3 14.
fxg3 Nd7 15. Bf4 c6 16. Bd6 Rfe8 17. Rae1 Re6 18. Rxe6 fxe6 19. c4 e5 20. cxd5
cxd5 21. Bb5 Re8 22. Bc6 d4 23. Bd5+ Be6 24. Bc6 Rc8 25. Bxd7 Bxd7 26. Bxe5
Rxc2 27. Bxd4 Rxa2 28. Bc5 g6 29. Rf2 Ra5 30. Bd4 Ra4 31. Bc5 Bb5 32. Rb2 a6
33. Rb1 Ra2 34. Rd1 Rc2 35. Bd4 Bc6 36. Bf2 a5 37. Ra1 a4 38. Kf1 Bb5+ 39. Kg1
a3 40. h3 a2 41. Bd4 Bc6 42. g4 Rxg2+ 43. Kf1 Rd2 44. Be5 Bg2+ 45. Ke1 Rd5 46.
Bc3 Bxh3 47. Rxa2 Kf7 48. Ra7+ Ke6 49. Rxh7 Bxg4 50. Rh2 Kf5 51. Rf2+ Ke4 52.
Rd2 Rf5 53. Rd4+ Kf3 54. Rd3+ Kg2 55. Rd2+ Kh3 56. Rd3+ Kh4 57. Rd4 Rf3 58. Kd2
Rf2+ 59. Ke3 Re2+ 60. Kd3 Rg2 61. Kc4 Kh3 62. Rd3+ Kh2 63. Rd2 Rxd2 1/2-1/2

[Event "XVI Open"]
[Site "Crema ITA"]
[Date "2015.09.05"]
[Round "3"]
[White "Guanciale, Orazio"]
[Black "Tagliaferri, Valerio"]
[WhiteElo "2172"]
[BlackElo "1830"]
[Result "1-0"]
[PlyCount "189"]
[EventDate "2015.09.04"]

1. e4 b6 2. d4 Bb7 3. Bd3 Nf6 4. Nd2 g6 5. Ngf3 d6 6. O-O Nbd7 7. e5 dxe5 8.
dxe5 Nd5 9. e6 fxe6 10. Ne4 c5 11. Neg5 Nc7 12. Nxh7 Rg8 13. Nxf8 Nxf8 14. Bf4
Nd5 15. Bb5+ Kf7 16. Be5 g5 17. h4 gxh4 18. Nxh4 Nf6 19. Be2 Qxd1 20. Rfxd1
N8d7 21. Bxf6 Nxf6 22. Bf3 Bd5 23. c4 Bxf3 24. Nxf3 Ne4 25. Rd3 Rad8 26. Rad1
Rd6 27. Re1 Rxd3 28. Ne5+ Kf6 29. Nxd3 Nd2 30. Rc1 Nf3+ 31. Kf1 Nd4 32. f3 e5
33. Kf2 Rh8 34. Re1 Rh5 35. Re4 e6 36. b4 cxb4 37. Nxb4 a5 38. Nd3 Nc6 39. Ke3
Nd4 40. Rg4 Nf5+ 41. Kd2 Rh2 42. a4 Nh6 43. Rg3 Nf5 44. Rg4 Nh6 45. Rg3 Nf5 46.
Rg8 Ne7 47. Rg4 Nf5 48. Kc3 Ne3 49. Re4 Nf5 50. Nxe5 Rxg2 51. Nd7+ Ke7 52. Nxb6
Kd6 53. Nc8+ Kc7 54. Na7 Rf2 55. Nb5+ Kd7 56. Rf4 Ra2 57. Kb3 Rf2 58. Nd4 Nxd4+
59. Rxd4+ Kc6 60. Rd3 Kc5 61. Re3 Kd6 62. Rd3+ Kc6 63. Rc3 Kc5 64. Ka3 Kd4 65.
Kb3 Kc5 66. Rd3 Kc6 67. Kc3 Ra2 68. Kd4 Kd6 69. Rb3 Rxa4 70. Rb6+ Kd7 71. Kc5
Ra3 72. Rb7+ Kc8 73. Rf7 Rc3 74. Ra7 Rxf3 75. Kc6 Kb8 76. Rxa5 Rf8 77. Rb5+ Ka7
78. Kd7 Rf4 79. c5 Ka6 80. Rb1 e5 81. Rc1 Rd4+ 82. Kc7 e4 83. c6 e3 84. Ra1+
Kb5 85. Kb7 Re4 86. c7 Re7 87. Re1 Kc4 88. Rxe3 Rxe3 89. c8=Q+ Kd4 90. Qd7+ Kc5
91. Qd2 Re5 92. Kc7 Re7+ 93. Kc8 Re8+ 94. Kd7 Re5 95. Qd6+ 1-0

[Event "XVI Open"]
[Site "Crema ITA"]
[Date "2015.09.05"]
[Round "3"]
[White "Marinelli, Guido"]
[Black "Takahashi, Saera"]
[WhiteElo "1422"]
[BlackElo "1545"]
[Result "0-1"]
[PlyCount "50"]
[EventDate "2015.09.04"]

1. d4 Nf6 2. e3 e6 3. a3 d5 4. b4 a6 5. g3 Bd6 6. f3 Nbd7 7. h4 Bxg3+ 8. Ke2
Nh5 9. f4 Bxh4 10. Kd3 Ng3 11. Rh3 Ne4 12. Qf3 Nf2+ 13. Ke2 Nxh3 14. Bxh3 Bf6
15. Bxe6 fxe6 16. Qh5+ g6 17. Qf3 Nb6 18. Nh3 Bd7 19. a4 Bxa4 20. Ra2 Bb5+ 21.
Kd1 Qe7 22. c3 Ba4+ 23. Kd2 O-O-O 24. Ba3 Bb5 25. Kc1 Nc4 0-1

[Event "XVI Open"]
[Site "Crema ITA"]
[Date "2015.09.05"]
[Round "3"]
[White "Masotti, Roberto"]
[Black "Brugo, Marco"]
[WhiteElo "1859"]
[BlackElo "2114"]
[Result "0-1"]
[PlyCount "134"]
[EventDate "2015.09.04"]

1. b3 f5 2. Bb2 Nf6 3. Bxf6 exf6 4. c4 Nc6 5. Nc3 b6 6. g3 Bb7 7. Bg2 Bd6 8. e3
a6 9. Nh3 O-O 10. Nf4 Bxf4 11. gxf4 Na5 12. Rg1 Bxg2 13. Rxg2 Nb7 14. Qh5 Nd6
15. O-O-O Qe8 16. Qh6 Rf7 17. Rdg1 Qf8 18. Nd5 Ne8 19. Rg3 g6 20. Qh5 Rg7 21.
Qf3 Rb8 22. d4 c6 23. Nc3 Nd6 24. h4 Qe7 25. Qg2 Ne4 26. Nxe4 Qxe4 27. Qxe4
fxe4 28. f5 Kf7 29. h5 g5 30. Rg4 d5 31. Kd2 h6 32. Rc1 Rgg8 33. cxd5 cxd5 34.
Rc7+ Kf8 35. Rd7 Rg7 36. Rxd5 Re7 37. Rd6 Kf7 38. Rc6 Rbb7 39. Rg1 Red7 40. Re6
Rd5 41. Rxe4 Rxf5 42. Rf1 Rc7 43. Rg4 Ra5 44. Ra1 f5 45. Rg3 Kf6 46. f3 Ra3 47.
Kd3 a5 48. Rg2 a4 49. Rb2 b5 50. Kd2 Ra7 51. Rc1 g4 52. fxg4 fxg4 53. b4 Rg7
54. Rc6+ Kg5 55. Rc5+ Kh4 56. Ke2 g3 57. Kf3 Kh3 58. Rcc2 Rf7+ 59. Ke4 Re7+ 60.
Kf5 Raxe3 61. d5 R7e5+ 62. Kf4 R5e4+ 63. Kf5 Rg4 64. Rg2 Rg5+ 65. Kf4 Rd3 66.
Ke4 Rdxd5 67. Rxg3+ Kxg3 0-1

[Event "XVI Open"]
[Site "Crema ITA"]
[Date "2015.09.05"]
[Round "3"]
[White "Menato, Nazario"]
[Black "Cremonese, Giuseppina"]
[WhiteElo "1529"]
[BlackElo "1437"]
[Result "1-0"]
[PlyCount "53"]
[EventDate "2015.09.04"]

1. Nf3 Nf6 2. c4 b6 3. d4 e6 4. Nc3 Be7 5. e4 Bb7 6. Bd3 O-O 7. O-O c5 8. d5
exd5 9. cxd5 d6 10. Qc2 Nbd7 11. Re1 Ng4 12. e5 dxe5 13. Bxh7+ Kh8 14. Bf5 Ndf6
15. Bxg4 Nxg4 16. Nxe5 Bc8 17. Nc6 Bf5 18. Qxf5 Nh6 19. Qh5 Qd6 20. Rxe7 Kh7
21. Bxh6 gxh6 22. Rae1 b5 23. R1e6 Qf4 24. Rxh6+ Kg7 25. Rh7+ Kg8 26. Qg6+ fxg6
27. Reg7# 1-0

[Event "XVI Open"]
[Site "Crema ITA"]
[Date "2015.09.05"]
[Round "3"]
[White "Miconi, Francesco"]
[Black "Tahiraj, Almir"]
[WhiteElo "1977"]
[BlackElo "1855"]
[Result "0-1"]
[PlyCount "204"]
[EventDate "2015.09.04"]

1. e4 c6 2. d4 d5 3. Nc3 dxe4 4. Nxe4 Nd7 5. Ng5 Ngf6 6. Bd3 e6 7. N1f3 Bd6 8.
Qe2 h6 9. Ne4 Nxe4 10. Qxe4 Nf6 11. Qe2 Qc7 12. Bd2 b6 13. O-O-O Bb7 14. Kb1 c5
15. dxc5 Bxc5 16. Bb5+ Bc6 17. Bf4 Qc8 18. Ne5 Bxb5 19. Qxb5+ Kf8 20. Nd7+ Kg8
21. Nxf6+ gxf6 22. Rd7 a6 23. Qd3 e5 24. Bc1 Qc6 25. Qg3+ Kf8 26. Rd3 Rg8 27.
Qh4 Ke7 28. Rhd1 Rad8 29. Rxd8 Rxd8 30. Rxd8 Kxd8 31. Qxh6 Ke7 32. f3 Qd5 33.
Qd2 Qc4 34. Qd3 Qh4 35. h3 a5 36. Qe2 Qd4 37. c3 Qg1 38. Kc2 b5 39. h4 b4 40.
cxb4 axb4 41. g4 Kf8 42. h5 Qd4 43. Qd3 Qf2+ 44. Bd2 Be7 45. h6 Kg8 46. Kb3 Qc5
47. Be3 Qc6 48. Qe4 Qb5 49. Qc4 Qb7 50. Qe4 Qb5 51. Bd2 Qd7 52. Bxb4 Qd1+ 53.
Ka3 Bxb4+ 54. Kxb4 Qd2+ 55. Kb3 Qd1+ 56. Ka3 Qd6+ 57. b4 Qd1 58. h7+ Kg7 59. b5
Qc1+ 60. Kb3 Qd1+ 61. Kc3 Qa1+ 62. Kb3 Qd1+ 63. Kb2 Qd2+ 64. Qc2 Qb4+ 65. Qb3
Qd2+ 66. Ka3 Qa5+ 67. Kb2 Qd2+ 68. Kb1 Qe1+ 69. Kc2 Qe2+ 70. Kc1 Qe1+ 71. Kb2
Qd2+ 72. Ka3 Qa5+ 73. Qa4 Qc3+ 74. Qb3 Qa5+ 75. Kb2 Qd2+ 76. Qc2 Qb4+ 77. Qb3
Qd2+ 78. Kb1 Qe1+ 79. Kc2 Qf2+ 80. Kc1 Qe1+ 81. Qd1 Qc3+ 82. Qc2 Qxf3 83. b6
Qe3+ 84. Kd1 Qxb6 85. Ke1 Qg1+ 86. Kd2 Qxg4 87. a4 Qd4+ 88. Ke1 e4 89. Qg2+
Kxh7 90. Qh3+ Kg7 91. Qg4+ Kf8 92. Qc8+ Ke7 93. Qb7+ Ke6 94. Qc8+ Ke5 95. Qc7+
Kf5 96. Qc8+ Kf4 97. Qc1+ Kg3 98. Qa3+ e3 99. Qa2 f5 100. a5 f4 101. Qc2 Qb4+
102. Kf1 Qb7 0-1

[Event "XVI Open"]
[Site "Crema ITA"]
[Date "2015.09.05"]
[Round "3"]
[White "Nordio, Giorgio"]
[Black "Volpati, Antonio"]
[WhiteElo "1856"]
[BlackElo "1644"]
[Result "1-0"]
[PlyCount "137"]
[EventDate "2015.09.04"]

1. c4 Nf6 2. g3 g6 3. Bg2 Bg7 4. Nc3 c6 5. Nf3 d6 6. O-O O-O 7. d3 Nbd7 8. Rb1
c5 9. a3 Rb8 10. b4 b6 11. bxc5 bxc5 12. Bd2 a6 13. Qc2 Qc7 14. Rxb8 Nxb8 15.
Rb1 Bb7 16. Qb3 Ba8 17. Nd1 Nbd7 18. Qc2 Rb8 19. Bc3 Rxb1 20. Qxb1 Qb6 21. Qb2
Qxb2 22. Bxb2 Nb6 23. Nd2 Bxg2 24. Kxg2 e6 25. Bc3 Nfd7 26. Bxg7 Kxg7 27. Nc3
d5 28. f4 d4 29. Nce4 Na4 30. Nb3 f5 31. Ng5 e5 32. fxe5 h6 33. Ne6+ Kf7 34.
Nc7 Nxe5 35. Nxa6 Nd7 36. Nc7 Kf6 37. Nd5+ Ke5 38. Kf3 g5 39. e3 dxe3 40. Nxe3
Nf6 41. h3 h5 42. Ng2 Nd7 43. Ke3 Nb2 44. h4 gxh4 45. Nxh4 Nd1+ 46. Kd2 Nb2 47.
Nf3+ Kd6 48. Kc2 Na4 49. Nbd2 Ke6 50. Kb3 Ndb6 51. Nf1 Kf6 52. Ne3 Ke6 53. Nd5
Kd6 54. Nf4 Ke7 55. Nxh5 Kf7 56. Nh4 Ke6 57. Nf3 Kd6 58. Ng7 Ke7 59. Nxf5+ Kf6
60. Ne3 Kg6 61. g4 Kh6 62. Ng2 Kg6 63. Nf4+ Kg7 64. g5 Kh7 65. Ne5 Kh8 66. Nh5
Kh7 67. g6+ Kg8 68. Ng4 Nd7 69. Nh6+ 1-0

[Event "XVI Open"]
[Site "Crema ITA"]
[Date "2015.09.05"]
[Round "3"]
[White "Oteri, Aldo"]
[Black "Distratis, Gianluca"]
[WhiteElo "1783"]
[BlackElo "1955"]
[Result "0-1"]
[PlyCount "60"]
[EventDate "2015.09.04"]

1. e4 d5 2. exd5 Nf6 3. Bc4 Nxd5 4. d4 Nb6 5. Bb3 g6 6. Nf3 Bg7 7. O-O O-O 8.
h3 Nc6 9. Be3 e5 10. dxe5 Nxe5 11. Nxe5 Bxe5 12. Nc3 Qh4 13. Bc5 Rd8 14. Qe2
Qf4 15. g3 Qf5 16. Rad1 Bd7 17. Nd5 Nxd5 18. Rxd5 Re8 19. Qd2 Bc6 20. Rd3 Qxh3
21. Bd5 Bxd5 22. Rxd5 c6 23. Rd7 b6 24. Ba3 Qg4 25. Re1 Kg7 26. Kg2 Bxg3 27.
Qd4+ Qxd4 28. Rxd4 Rxe1 29. Kxg3 h5 30. Be7 Rxe7 0-1

[Event "XVI Open"]
[Site "Crema ITA"]
[Date "2015.09.05"]
[Round "3"]
[White "Palma, Maria"]
[Black "Bonoldi, Fabio"]
[WhiteElo "1987"]
[BlackElo "1788"]
[Result "1/2-1/2"]
[PlyCount "75"]
[EventDate "2015.09.04"]

1. Nf3 Nf6 2. c4 g6 3. g3 Bg7 4. Bg2 d6 5. d4 O-O 6. O-O c6 7. Nc3 Qc7 8. Bf4
Nh5 9. Be3 Nd7 10. Qd2 Nhf6 11. Bh6 Nb6 12. Bxg7 Kxg7 13. b3 Bf5 14. Rfd1 Ne4
15. Qb2 Nxc3 16. Qxc3 Kg8 17. Nd2 Rad8 18. Rac1 Rfe8 19. b4 Qb8 20. c5 Nd5 21.
Bxd5 cxd5 22. Qb3 e5 23. cxd6 Qxd6 24. dxe5 Qxe5 25. Re1 Rc8 26. Rc5 Be6 27.
Nf3 Qd6 28. Rec1 b6 29. Rxc8 Rxc8 30. Rxc8+ Bxc8 31. Qc3 Ba6 32. Nd4 Bc4 33. a3
Qd7 34. Qe3 a5 35. Nf3 axb4 36. axb4 Qd8 37. Ne5 b5 38. Nc6 1/2-1/2

[Event "XVI Open"]
[Site "Crema ITA"]
[Date "2015.09.05"]
[Round "3"]
[White "Perico, Gianvittorio"]
[Black "Esposito, Giuseppe"]
[WhiteElo "1892"]
[BlackElo "1726"]
[Result "0-1"]
[PlyCount "52"]
[EventDate "2015.09.04"]

1. e4 c5 2. Nf3 Nc6 3. d4 cxd4 4. Nxd4 g6 5. Be3 Nf6 6. Nc3 Bg7 7. f3 O-O 8.
Qd2 d5 9. Nxc6 bxc6 10. exd5 cxd5 11. Be2 e5 12. Bc5 Re8 13. O-O a6 14. Rad1
Be6 15. a3 Rc8 16. Bf2 Qa5 17. Kh1 Bf5 18. g4 Bxc2 19. Qxc2 d4 20. Bxd4 exd4
21. Rxd4 Nd5 22. Ra4 Bxc3 23. Rxa5 Bxa5 24. Qb3 Rxe2 25. Qxd5 Rcc2 26. f4 Bb6
0-1